000 00700nam a2200289Ia 4500
005 20260324130829.0
008 008 260324s9999 xx 000 0 eng d
020 _a9781032682778
037 _aEBOOK
040 _aCRL
040 _beng
040 _cCRL
041 _2eng
041 _aeng
084 _qCRL
100 _aAmy H. Greene; Glennon Doyle Melton
_91183242
245 0 _aTest Talk
245 0 _bIntegrating Test Preparation into Reading Workshop
260 _bTaylor and Francis
260 _c2007
365 _a
365 _b120
856 _uhttp://www.taylorfrancis.com/books/9781032682778
942 _cEBOOK
999 _c1779794
_d1779794